<?xml version="1.0" encoding="UTF-8"?>
<collection xmlns:xsi="http://www.w3.org/2001/XMLSchema-instance" xsi:schemaLocation="http://www.loc.gov/MARC21/slim http://www.loc.gov/standards/marcxml/schema/MARC21slim.xsd" xmlns="http://www.loc.gov/MARC21/slim">
 <record>
  <leader>00000nam a22000008i 4500</leader>
  <controlfield tag="001">UP-1686042739784872216</controlfield>
  <controlfield tag="003">Buklod</controlfield>
  <controlfield tag="005">20260325161845.0</controlfield>
  <controlfield tag="006">m    |o  d |      </controlfield>
  <controlfield tag="007">cr |||||||||||</controlfield>
  <controlfield tag="008">240716s2020    enka   gr   b|001 0|eng d</controlfield>
  <datafield tag="020" ind1=" " ind2=" ">
   <subfield code="a">9781138605336 (paperback)</subfield>
  </datafield>
  <datafield tag="035" ind1=" " ind2=" ">
   <subfield code="a">20878022</subfield>
  </datafield>
  <datafield tag="037" ind1=" " ind2=" ">
   <subfield code="a">SS-12491</subfield>
   <subfield code="b">Forefront</subfield>
   <subfield code="c">Php3,407.00</subfield>
   <subfield code="n">Department of Sociology</subfield>
  </datafield>
  <datafield tag="040" ind1=" " ind2=" ">
   <subfield code="a">DLC</subfield>
   <subfield code="d">DMLS</subfield>
   <subfield code="e">rda</subfield>
  </datafield>
  <datafield tag="041" ind1=" " ind2=" ">
   <subfield code="a">eng</subfield>
  </datafield>
  <datafield tag="042" ind1=" " ind2=" ">
   <subfield code="a">DMLUC</subfield>
  </datafield>
  <datafield tag="090" ind1=" " ind2=" ">
   <subfield code="a">HV 7419</subfield>
   <subfield code="b">J86 2020</subfield>
  </datafield>
  <datafield tag="245" ind1="0" ind2="0">
   <subfield code="a">Justice alternatives</subfield>
   <subfield code="c">edited by Pat Carlen and Leandro Ayres França.</subfield>
  </datafield>
  <datafield tag="264" ind1=" " ind2="1">
   <subfield code="a">Abingdon, Oxon</subfield>
   <subfield code="b">Routledge</subfield>
   <subfield code="c">[2020]</subfield>
  </datafield>
  <datafield tag="264" ind1=" " ind2="4">
   <subfield code="c">©2020</subfield>
  </datafield>
  <datafield tag="300" ind1=" " ind2=" ">
   <subfield code="a">xviii, 393 pages </subfield>
   <subfield code="b">illustrations</subfield>
   <subfield code="c">25 cm.</subfield>
  </datafield>
  <datafield tag="336" ind1=" " ind2=" ">
   <subfield code="a">text</subfield>
   <subfield code="2">rdacontent</subfield>
  </datafield>
  <datafield tag="337" ind1=" " ind2=" ">
   <subfield code="a">unmediated</subfield>
   <subfield code="2">rdamedia</subfield>
  </datafield>
  <datafield tag="338" ind1=" " ind2=" ">
   <subfield code="a">volume</subfield>
   <subfield code="2">rdacarrier</subfield>
  </datafield>
  <datafield tag="504" ind1=" " ind2=" ">
   <subfield code="a">Includes bibliographical references and index.</subfield>
  </datafield>
  <datafield tag="520" ind1=" " ind2=" ">
   <subfield code="a">Justice is one of the most debated and reinterpreted of concepts within the fields of law, criminology and criminal justice. Bringing together 35 leading thinkers, analysts and campaigners from around the world, this collection presents a range of on-going struggles for justice from abolitionist, transitional, transformative, indigenous, green and restorative perspectives.&#13;
&#13;
Against a background of contemporary concerns about dark money, plutocracies and populism, these chapters raise questions about  the relationships between social justice and criminal justice and between democracy, knowledge and justice. Overall, the chapters also demonstrate the breadth, variety and vibrancy of contemporary criminology and include, amongst other cutting-edge contributions, chapters by John Braithwaite, Michelle Brown, Ian Loader, Pat O’Malley, Joe Sim, Susanne Karstedt, Phil Scraton, Richard Sparks, Loïc Wacquant and Sandra Walklate.&#13;
&#13;
Justice Alternatives is essential reading for students of criminology, criminal justice and law, as well as for other scholars and activists concerned about social justice, policing, courts, imprisonment, mass supervision, rights and privatized justice. The book’s emphasis upon the importance of imagination, experimentation, innovation and debate aims to  promote an optimism that there are always alternatives to inequality, domination and oppression.-- Back cover</subfield>
  </datafield>
  <datafield tag="650" ind1=" " ind2="0">
   <subfield code="a">Criminal justice, Administration of.</subfield>
  </datafield>
  <datafield tag="700" ind1="1" ind2=" ">
   <subfield code="a">Carlen, Pat</subfield>
   <subfield code="e">editor.</subfield>
  </datafield>
  <datafield tag="700" ind1="1" ind2=" ">
   <subfield code="a">França, Leandro Ayres</subfield>
   <subfield code="e">editor.</subfield>
  </datafield>
  <datafield tag="905" ind1=" " ind2=" ">
   <subfield code="a">FO</subfield>
  </datafield>
  <datafield tag="852" ind1="0" ind2=" ">
   <subfield code="a">UPD</subfield>
   <subfield code="b">DMLS</subfield>
   <subfield code="h">HV 7419</subfield>
   <subfield code="i">J86 2020</subfield>
  </datafield>
  <datafield tag="942" ind1=" " ind2=" ">
   <subfield code="a">Book</subfield>
  </datafield>
 </record>
</collection>
